Football Clubs Managed by Rafael Benítez - Statistics

General Stats
  • This quiz has been taken 467 times
    113 since last reset
  • The average score is 6 of 14
Answer Stats
Club % Correct
Liverpool
93%
Real Madrid
89%
Chelsea
76%
Everton
72%
Valencia
69%
Newcastle United
62%
Inter Milan
60%
Napoli
42%
Celta Vigo
35%
Osasuna
13%
Dalian Professional
12%
Tenerife
12%
Real Valladolid
11%
Extremadura
5%
No matching quizzes found
Score Distribution
Percent of People with Each Score
Percentile by Number Answered
Your Score History
You have not taken this quiz since the last reset